[Event "Liverpool Open"]
[Site "?"]
[Date "2007.09.03"]
[Round "1.1"]
[White "Ghaem Maghami, Ehsan"]
[Black "Madan, Augustin"]
[Result "1/2-1/2"]
[WhiteElo "2610"]
[BlackElo "2425"]
[PlyCount "174"]
[EventDate "2007.09.05"]
[SourceDate "2007.09.05"]

1. c4 e6 2. Nc3 d5 3. d4 Nf6 4. Nf3 Be7 5. Bg5 O-O 6. e3 Nbd7 7. Qc2 Re8 8. Rd1
c6 9. a3 b6 10. cxd5 exd5 11. Bd3 Bb7 12. O-O h6 13. Bf4 Nh5 14. Be5 Nf8 15. h3
Bd6 16. Rfe1 Rc8 17. Rc1 Bxe5 18. Nxe5 Nf6 19. Qa4 a5 20. b4 N6d7 21. Bf5 g6
22. Bxd7 Nxd7 23. Nxd7 Qxd7 24. bxa5 Ra8 25. Qb3 Rxa5 26. Qxb6 Rea8 27. a4 R8a6
28. Qb4 c5 29. dxc5 Qc6 30. Rb1 d4 31. Qxb7 Qxb7 32. Rxb7 dxc3 33. Rb6 Rxb6 34.
cxb6 Rxa4 35. Rc1 Rb4 36. Rxc3 Rxb6 37. g3 h5 38. Kg2 Kg7 39. Kf3 Rf6+ 40. Ke2
Ra6 41. e4 Rb6 42. Ke3 Ra6 43. Rb3 Rf6 44. h4 Re6 45. Kf4 Kf6 46. Rc3 Rb6 47.
Rd3 Rb4 48. Rc3 Rb6 49. Ra3 Rc6 50. Ra8 Rb6 51. f3 Rb5 52. Rc8 Ra5 53. Rg8 Rb5
54. Ra8 Rc5 55. Ra7 Rb5 56. e5+ Ke6 57. Ra6+ Ke7 58. Ra7+ Ke6 59. Ra6+ Ke7 60.
g4 Rb4+ 61. Kg5 Rb5 62. f4 hxg4 63. Ra7+ Ke6 64. Ra6+ Ke7 65. Kxg4 Rb1 66. Kg5
Rg1+ 67. Kh6 Rg4 68. Ra7+ Kf8 69. Ra8+ Ke7 70. Ra7+ Kf8 71. h5 Rxf4 72. hxg6
fxg6 73. Kxg6 Ke8 74. Rh7 Rf1 75. Kg5 Rf2 76. Rh4 Ke7 77. Rf4 Rxf4 78. Kxf4 Ke6
79. Ke4 Ke7 80. Kf5 Kf7 81. e6+ Ke7 82. Ke5 Ke8 83. Kd6 Kd8 84. Kd5 Ke7 85. Ke5
Ke8 86. Kf6 Kf8 87. e7+ Ke8 1/2-1/2

[Event "Liverpool Open"]
[Site "?"]
[Date "2007.09.03"]
[Round "1.2"]
[White "Palliser, Richard"]
[Black "Berg, Emanuel"]
[Result "1-0"]
[WhiteElo "2417"]
[BlackElo "2580"]
[PlyCount "93"]
[EventDate "2007.09.05"]
[SourceDate "2007.09.05"]

1. d4 Nf6 2. c4 c5 3. d5 e6 4. Nc3 exd5 5. cxd5 d6 6. e4 g6 7. Bd3 Bg7 8. h3
O-O 9. Nf3 b5 10. Bxb5 Nxe4 11. Nxe4 Qa5+ 12. Nfd2 Qxb5 13. Nxd6 Qa6 14. N2c4
Nd7 15. O-O Nb6 16. Nxb6 axb6 17. Bg5 Bd7 18. Be7 f5 19. Qc2 Rfb8 20. Nc4 Bb5
21. b3 Qb7 22. d6 Bc6 23. f3 Bd4+ 24. Kh1 b5 25. Nb2 Re8 26. Nd3 c4 27. bxc4
Bxf3 28. gxf3 Bxa1 29. Rxa1 Qxf3+ 30. Kh2 bxc4 31. Qxc4+ Kg7 32. Rg1 Rxe7 33.
dxe7 Qe2+ 34. Rg2 Qxe7 35. Qd4+ Qf6 36. Qc5 Qe6 37. Nf4 Qe4 38. Qc3+ Kf7 39.
Qc7+ Qe7 40. Qc4+ Kg7 41. Ne6+ Kh8 42. Qd4+ Kg8 43. Qd5 Ra7 44. Rb2 Kf7 45. Qd4
Qd7 46. Ng5+ Ke7 47. Qe5+ 1-0

[Event "Liverpool Open"]
[Site "?"]
[Date "2007.09.03"]
[Round "1.3"]
[White "Vovk, Yuri"]
[Black "McNab, Colin Anderson"]
[Result "0-1"]
[WhiteElo "2557"]
[BlackElo "2416"]
[PlyCount "94"]
[EventDate "2007.09.05"]
[SourceDate "2007.09.05"]

1. d4 d6 2. c4 e5 3. d5 g6 4. e4 a5 5. Nc3 h5 6. Bd3 Na6 7. f4 exf4 8. Bxf4 Bg4
9. Nf3 Qf6 10. Qd2 Bxf3 11. gxf3 Bh6 12. Bxh6 Qh4+ 13. Qf2 Qxf2+ 14. Kxf2 Nxh6
15. f4 Nc5 16. Bc2 f6 17. h3 g5 18. Rag1 Rg8 19. a3 Kd7 20. b4 axb4 21. axb4
Ra3 22. Ne2 Na6 23. b5 Nc5 24. Rg3 Ra2 25. Rc3 gxf4 26. Kf3 Nf7 27. Kxf4 Ne5
28. Nd4 Ng6+ 29. Kf5 Ne7+ 30. Kf4 Ng6+ 31. Ke3 Nh4 32. Ne2 Ke7 33. b6 cxb6 34.
Rb1 Rg2 35. Bd1 f5 36. exf5 Nxf5+ 37. Kf4 Kf6 38. Rxb6 Rf2+ 39. Rf3 Rfxe2 40.
Bxe2 Rxe2 41. Rf1 Rc2 42. Rbb1 Rxc4+ 43. Kf3 Ne4 44. Kg2 Nd2 45. Rxf5+ Kxf5 46.
Rxb7 Ne4 47. Rh7 Nf6 0-1

[Event "Liverpool Open"]
[Site "?"]
[Date "2007.09.03"]
[Round "1.4"]
[White "Rendle, Thomas"]
[Black "Hebden, Mark"]
[Result "0-1"]
[WhiteElo "2416"]
[BlackElo "2540"]
[PlyCount "56"]
[EventDate "2007.09.05"]
[SourceDate "2007.09.05"]

1. f4 g6 2. Nf3 d5 3. g3 Bg7 4. Bg2 Nf6 5. O-O O-O 6. d3 c5 7. Qe1 d4 8. Na3
Nc6 9. Bd2 Rb8 10. c4 b6 11. h3 Ne8 12. g4 Bb7 13. Qg3 Nd6 14. Nh4 e6 15. Nc2
f5 16. Ne1 Qe7 17. Nef3 e5 18. fxe5 Nxe5 19. Bf4 Rbe8 20. Rae1 fxg4 21. hxg4
Ndf7 22. g5 Nd6 23. e4 Rxf4 24. Qxf4 Nxd3 25. Qg4 Nxe1 26. Rxe1 Bc8 27. Qf4
Nxc4 28. Nf5 Qf7 0-1

[Event "Liverpool Open"]
[Site "?"]
[Date "2007.09.03"]
[Round "1.5"]
[White "Lie, Kjetil A"]
[Black "Ansell, Simon"]
[Result "1-0"]
[WhiteElo "2536"]
[BlackElo "2405"]
[PlyCount "63"]
[EventDate "2007.09.05"]
[SourceDate "2007.09.05"]

1. d4 d5 2. c4 c6 3. Nf3 Nf6 4. Nc3 dxc4 5. a4 Bf5 6. Ne5 Nbd7 7. Nxc4 Nb6 8.
Ne5 a5 9. g3 Nfd7 10. Nxd7 Nxd7 11. e4 Bg6 12. Bh3 e5 13. O-O exd4 14. Qxd4 Nc5
15. Qe5+ Qe7 16. Qf4 Rd8 17. Be3 Nd3 18. Qf3 Qc7 19. Rfd1 Bb4 20. Qe2 Nc5 21.
Qc4 Rxd1+ 22. Rxd1 Qe7 23. Na2 Qxe4 24. Qxe4+ Nxe4 25. Nxb4 axb4 26. Bc8 Bh5
27. Rd4 Bf3 28. Rxb4 c5 29. Rxb7 O-O 30. Rc7 g5 31. Bb7 Rd8 32. Rc8 1-0

[Event "Liverpool Open"]
[Site "?"]
[Date "2007.09.03"]
[Round "1.6"]
[White "Rudd, Jack"]
[Black "David, Alberto"]
[Result "0-1"]
[WhiteElo "2370"]
[BlackElo "2529"]
[PlyCount "72"]
[EventDate "2007.09.05"]
[SourceDate "2007.09.05"]

1. e4 c5 2. Nf3 d6 3. Nc3 a6 4. d4 cxd4 5. Nxd4 e6 6. Be3 b5 7. Qd2 Nf6 8. f3
h5 9. O-O-O Nbd7 10. Kb1 Bb7 11. Bd3 Rc8 12. Rhe1 Be7 13. Qf2 O-O 14. h3 b4 15.
Nce2 d5 16. exd5 Nxd5 17. Bc1 Qb6 18. Qg3 h4 19. Qh2 Nc5 20. Bc4 Bd6 21. Qg1
Qc7 22. Qf2 Nb6 23. Bb3 Nxb3 24. cxb3 Nd5 25. Bg5 e5 26. Rc1 Qb6 27. Qxh4 exd4
28. Nxd4 Bg3 29. Qxg3 Rxc1+ 30. Rxc1 Qxd4 31. Qe1 Qb6 32. Ka1 Qg6 33. h4 f6 34.
Qe6+ Qf7 35. Qxf7+ Kxf7 36. Bd2 Re8 0-1

[Event "Liverpool Open"]
[Site "?"]
[Date "2007.09.03"]
[Round "1.7"]
[White "Miezis, Normunds"]
[Black "Quillan, Gary"]
[Result "1/2-1/2"]
[WhiteElo "2524"]
[BlackElo "2359"]
[PlyCount "172"]
[EventDate "2007.09.05"]
[SourceDate "2007.09.05"]

1. c4 e6 2. e4 d5 3. exd5 exd5 4. d4 Nf6 5. Nc3 Bb4 6. Bd3 O-O 7. Nf3 Qe7+ 8.
Be3 Ng4 9. O-O Bxc3 10. bxc3 Nxe3 11. fxe3 dxc4 12. Bxc4 Qxe3+ 13. Kh1 Nc6 14.
Qc2 Bg4 15. Rae1 Qh6 16. Qf2 Rad8 17. Qg3 Bxf3 18. Qxf3 Qg6 19. Re4 Rd7 20. Be6
Rdd8 21. Bb3 Rd7 22. Be6 Rdd8 23. Bf5 Qh6 24. Rf4 Rde8 25. Qg3 g6 26. Bd7 Re7
27. Bxc6 bxc6 28. h3 Qh5 29. Kh2 Qd5 30. Rf6 Re2 31. a3 c5 32. R1f5 Qxg2+ 33.
Qxg2 Rxg2+ 34. Kxg2 gxf5 35. dxc5 Rb8 36. Ra6 Rb2+ 37. Kf3 Rb3 38. Ke3 Rxc3+
39. Kd4 Rc1 40. Rc6 f4 41. Ke4 Rc4+ 42. Kf3 Rc3+ 43. Kxf4 Rxh3 44. a4 Ra3 45.
Rxc7 Rxa4+ 46. Ke5 Kg7 47. c6 h5 48. Rb7 h4 49. c7 Rc4 50. Kd6 h3 51. Rb3 h2
52. Rh3 Rd4+ 53. Kc6 Rc4+ 54. Kb7 Rb4+ 55. Kxa7 Rc4 56. Kb6 Rb4+ 57. Ka5 Rc4
58. Kb6 Rb4+ 59. Kc6 Rc4+ 60. Kd6 Rd4+ 61. Ke7 Re4+ 62. Kd8 Rd4+ 63. Ke8 Re4+
64. Kd7 Rd4+ 65. Kc6 Rc4+ 66. Kd6 Rd4+ 67. Kc5 Rd2 68. Kb6 Rb2+ 69. Ka6 Ra2+
70. Kb7 Rb2+ 71. Kc8 Kg6 72. Rh8 Kg5 73. Kd7 Rd2+ 74. Ke7 Re2+ 75. Kd6 Rd2+ 76.
Ke5 Re2+ 77. Kd6 Rd2+ 78. Ke7 Re2+ 79. Kd7 Rd2+ 80. Ke7 Re2+ 81. Kd6 Rd2+ 82.
Ke5 Re2+ 83. Kd6 Rd2+ 84. Ke7 Re2+ 85. Kxf7 Rc2 86. Rxh2 Rxc7+ 1/2-1/2

[Event "Liverpool Open"]
[Site "?"]
[Date "2007.09.03"]
[Round "1.8"]
[White "Ak Hirawan, Omar"]
[Black "Gormally, Daniel"]
[Result "1/2-1/2"]
[WhiteElo "2344"]
[BlackElo "2509"]
[PlyCount "48"]
[EventDate "2007.09.05"]
[SourceDate "2007.09.05"]

1. e4 c5 2. Nf3 d6 3. d4 cxd4 4. Nxd4 Nf6 5. Nc3 a6 6. Bc4 e6 7. Bb3 b5 8. O-O
Be7 9. Re1 O-O 10. a3 Bb7 11. f4 Qb6 12. Be3 Qc7 13. Qf3 Nbd7 14. f5 e5 15.
Nde2 Nc5 16. Ng3 Nxb3 17. cxb3 Rad8 18. Rac1 Qb8 19. Rcd1 Qa8 20. Bg5 Qa7+ 21.
Be3 Qa8 22. Bg5 Qa7+ 23. Be3 Qa8 24. Bg5 Qa7+ 1/2-1/2

[Event "Liverpool Open"]
[Site "?"]
[Date "2007.09.03"]
[Round "1.9"]
[White "Lalic, Bogdan"]
[Black "Carleton, John J"]
[Result "1/2-1/2"]
[WhiteElo "2509"]
[BlackElo "2322"]
[PlyCount "69"]
[EventDate "2007.09.05"]
[SourceDate "2007.09.05"]

1. d4 d5 2. c4 e6 3. Nf3 Nf6 4. Nc3 Bb4 5. cxd5 exd5 6. Bg5 Qd6 7. Bxf6 Qxf6 8.
Qa4+ Nc6 9. e3 O-O 10. Be2 a5 11. O-O Ne7 12. Rac1 c6 13. Qd1 Ng6 14. Na4 Bd6
15. Nb6 Rb8 16. Nxc8 Rfxc8 17. g3 Ne7 18. a3 c5 19. dxc5 Rxc5 20. Qd2 Rbc8 21.
Rxc5 Rxc5 22. Nd4 b6 23. b4 axb4 24. Qxb4 Bc7 25. Qa4 g6 26. Rd1 Kg7 27. Kg2 h5
28. h4 Nf5 29. Nxf5+ Qxf5 30. Bf3 g5 31. Qd4+ Be5 32. Qd3 Qxd3 33. Rxd3 gxh4
34. gxh4 Bf6 35. Rxd5 1/2-1/2

[Event "Liverpool Open"]
[Site "?"]
[Date "2007.09.03"]
[Round "1.10"]
[White "Li Wu"]
[Black "Dgebuadze, Alexandre"]
[Result "0-1"]
[WhiteElo "2314"]
[BlackElo "2508"]
[PlyCount "82"]
[EventDate "2007.09.05"]
[SourceDate "2007.09.05"]

1. d4 Nf6 2. c4 e6 3. Nf3 Bb4+ 4. Bd2 Qe7 5. Nc3 O-O 6. g3 d6 7. Bg2 c5 8. O-O
Nc6 9. d5 Nd8 10. b3 e5 11. Ne1 Ng4 12. h3 Nh6 13. Nc2 Bxc3 14. Bxc3 Nf5 15.
Kh2 f6 16. Qd3 Nf7 17. f4 Bd7 18. e3 g6 19. Rfc1 Rfc8 20. a4 Rab8 21. a5 b6 22.
axb6 axb6 23. Na3 Ra8 24. Nc2 Rcb8 25. Rxa8 Rxa8 26. Ra1 Rxa1 27. Bxa1 Qe8 28.
Bc3 Qa8 29. Bd2 Qa2 30. Qc3 h5 31. Be4 Kg7 32. Bd3 h4 33. g4 Ng3 34. Kg2 e4 35.
Bf1 g5 36. Be1 b5 37. Bxg3 b4 38. Qd2 hxg3 39. Kxg3 Qxb3 40. h4 gxf4+ 41. Kxf4
Qb2 0-1

[Event "Liverpool Open"]
[Site "?"]
[Date "2007.09.03"]
[Round "1.12"]
[White "Kennaugh, Charles"]
[Black "Williams, Simon Kim"]
[Result "0-1"]
[WhiteElo "2294"]
[BlackElo "2480"]
[PlyCount "64"]
[EventDate "2007.09.05"]
[SourceDate "2007.09.05"]

1. e4 e6 2. d4 d5 3. Nc3 Bb4 4. e5 c5 5. Bd2 Nh6 6. Nf3 Nc6 7. dxc5 Ng4 8. Na4
Bxd2+ 9. Qxd2 Ngxe5 10. Nxe5 Nxe5 11. O-O-O O-O 12. f4 Ng4 13. Bd3 Bd7 14. h3
Nf6 15. Nc3 Rc8 16. Qf2 Qa5 17. g4 Rxc5 18. Kb1 Rfc8 19. Rhe1 Rxc3 20. bxc3
Rxc3 21. Qd2 Qc5 22. Qe3 d4 23. Qe5 Qb4+ 24. Ka1 Rc5 25. Qb8+ Rc8 26. Qxa7 Ba4
27. Rc1 Nd5 28. Be4 g6 29. c4 dxc3 30. Rb1 Qc4 31. Bc2 Bxc2 32. Rxb7 Qxf4 0-1

[Event "Liverpool Open"]
[Site "?"]
[Date "2007.09.03"]
[Round "1.14"]
[White "James, David"]
[Black "Sebenik, Matej"]
[Result "0-1"]
[WhiteElo "2220"]
[BlackElo "2465"]
[PlyCount "42"]
[EventDate "2007.09.05"]
[SourceDate "2007.09.05"]

1. Nf3 d6 2. d4 g6 3. c4 Bg7 4. Nc3 c5 5. d5 Bxc3+ 6. bxc3 f5 7. Qc2 Nf6 8. e3
Qa5 9. Nd2 Nbd7 10. f4 Nb6 11. Bd3 Bd7 12. Bb2 Ba4 13. Qb1 O-O-O 14. O-O Rhe8
15. Qe1 Qa6 16. Qe2 e5 17. e4 Bd7 18. fxe5 Rxe5 19. Qf2 Nxe4 20. Bxe4 fxe4 21.
Rfe1 Rde8 0-1

[Event "Liverpool Open"]
[Site "?"]
[Date "2007.09.03"]
[Round "1.15"]
[White "Smerdon, David"]
[Black "Storey, Charles"]
[Result "1-0"]
[WhiteElo "2461"]
[BlackElo "2218"]
[PlyCount "109"]
[EventDate "2007.09.05"]
[SourceDate "2007.09.05"]

1. e4 g6 2. d4 Bg7 3. Be3 c5 4. Nc3 Qa5 5. Qd2 cxd4 6. Bxd4 Bxd4 7. Qxd4 Nf6 8.
b4 Qb6 9. Qxb6 axb6 10. e5 Ng4 11. Nd5 Ra3 12. Nxb6 Rc3 13. Nf3 Nc6 14. Kd2 Ra3
15. Nxc8 Nxf2 16. Rg1 Nxb4 17. Re1 Rxa2 18. Nd4 Ra3 19. Re2 Ng4 20. Re4 f5 21.
Nxf5 gxf5 22. Rxb4 Nxe5 23. Rxb7 Rg8 24. Be2 Rg6 25. Rb5 Re6 26. Rf1 Kd8 27.
Nb6 Rd6+ 28. Nd5 Kc8 29. Rxf5 Ng6 30. Bd3 e6 31. Rf6 Rxd5 32. Rxd5 exd5 33.
Bxg6 hxg6 34. Rxg6 Kd8 35. h4 Ke7 36. h5 Kf7 37. Rg5 Kf6 38. Rxd5 Rg3 39. Rxd7
Rxg2+ 40. Kd3 Rh2 41. h6 Ke6 42. Ra7 Kd5 43. h7 Rh3+ 44. Ke2 Ke4 45. Kf2 Kf4
46. Rf7+ Kg5 47. c4 Kg6 48. Rd7 Kf6 49. c5 Ke6 50. c6 Rh6 51. Rg7 Kf6 52. Ra7
Ke5 53. c7 Rf6+ 54. Kg3 Rf8 55. Ra5+ 1-0

[Event "Liverpool Open"]
[Site "?"]
[Date "2007.09.03"]
[Round "1.16"]
[White "Redmond, J."]
[Black "Shaw, John"]
[Result "0-1"]
[WhiteElo "2212"]
[BlackElo "2446"]
[PlyCount "58"]
[EventDate "2007.09.05"]
[SourceDate "2007.09.05"]

1. c4 e5 2. Nc3 Nf6 3. Nf3 Nc6 4. a3 g6 5. d4 exd4 6. Nxd4 Bg7 7. g3 O-O 8.
Nxc6 dxc6 9. Qxd8 Rxd8 10. Bf4 Be6 11. e4 Ng4 12. Be2 Ne5 13. Bxe5 Bxe5 14. Rd1
Bd4 15. O-O Rd6 16. Kg2 Rad8 17. Na4 b5 18. c5 R6d7 19. Nc3 Bxc5 20. Rxd7 Rxd7
21. Rd1 Rxd1 22. Bxd1 Bd4 23. f4 a5 24. Bc2 a4 25. Bd3 Bb3 26. e5 b4 27. axb4
a3 28. Bb1 Bxc3 29. bxc3 Kf8 0-1

[Event "Liverpool Open"]
[Site "?"]
[Date "2007.09.03"]
[Round "1.17"]
[White "Greet, Andrew"]
[Black "Mikkelsen, Nikolaj"]
[Result "1-0"]
[WhiteElo "2441"]
[BlackElo "2203"]
[PlyCount "97"]
[EventDate "2007.09.05"]
[SourceDate "2007.09.05"]

1. e4 c5 2. Nf3 d6 3. Bb5+ Bd7 4. Bxd7+ Qxd7 5. O-O Nc6 6. c3 Nf6 7. Qe2 e6 8.
d4 cxd4 9. cxd4 d5 10. e5 Ne4 11. Be3 Be7 12. Ne1 f6 13. f3 Ng5 14. Nd3 b6 15.
Nd2 O-O 16. a3 a5 17. exf6 Bxf6 18. Ne5 Nxe5 19. dxe5 Bd8 20. f4 Nf7 21. Nf3
Nh6 22. Rfc1 Be7 23. g3 Rab8 24. a4 Nf5 25. Bf2 Bc5 26. Bxc5 bxc5 27. Rxc5 Qa7
28. Rac1 Rb4 29. Ng5 Nd4 30. Qg4 Rxb2 31. Kh1 Rb1 32. Nxe6 Rxc1+ 33. Rxc1 Nxe6
34. Qxe6+ Qf7 35. Qxf7+ Kxf7 36. Kg2 Rb8 37. Rc5 Rb2+ 38. Kf3 Ke6 39. Rxa5 Rb3+
40. Kg4 d4 41. f5+ Ke7 42. Rd5 d3 43. a5 Ra3 44. Kg5 Ra4 45. Rxd3 Rxa5 46. e6
h6+ 47. Kg6 Ra4 48. Rd7+ Ke8 49. Kxg7 1-0

[Event "Liverpool Open"]
[Site "?"]
[Date "2007.09.03"]
[Round "1.18"]
[White "Weeks, Manuel William"]
[Black "Glud, Jakob Vang"]
[Result "0-1"]
[WhiteElo "2220"]
[BlackElo "2435"]
[PlyCount "78"]
[EventDate "2007.09.05"]
[SourceDate "2007.09.05"]

1. e4 e5 2. Nf3 Nc6 3. Bb5 a6 4. Ba4 Nf6 5. O-O Be7 6. Re1 b5 7. Bb3 O-O 8. h3
d6 9. c3 Nb8 10. d4 Nbd7 11. Nbd2 Bb7 12. Bc2 c5 13. d5 g6 14. Nf1 Nh5 15. Bh6
Ng7 16. g4 c4 17. Ng3 a5 18. Qd2 Rb8 19. Kh2 Bf6 20. Rg1 Kh8 21. Rg2 Rg8 22.
Rag1 b4 23. Ng5 Qe7 24. h4 Ba6 25. Bb1 bxc3 26. bxc3 a4 27. h5 a3 28. Qe3 Rb2
29. Nf3 Qd8 30. Ng5 Bxg5 31. Bxg5 f6 32. hxg6 fxg5 33. Nf5 Qf6 34. gxh7 Rgb8
35. Qa7 Nxf5 36. exf5 Nc5 37. Qc7 R2b7 38. Qa5 Rb5 39. Qc7 Rc8 0-1

[Event "Liverpool Open"]
[Site "?"]
[Date "2007.09.03"]
[Round "1.19"]
[White "Ciuksyte, Dagne"]
[Black "Atako, Chino"]
[Result "1-0"]
[WhiteElo "2426"]
[BlackElo "2181"]
[PlyCount "53"]
[EventDate "2007.09.05"]
[SourceDate "2007.09.05"]

1. e4 c5 2. Nf3 g6 3. d4 cxd4 4. Nxd4 Nc6 5. c4 Nf6 6. Nc3 d6 7. Be2 Bg7 8. Be3
O-O 9. O-O Qa5 10. f4 Qb6 11. Na4 Qa5 12. Nc3 Qb6 13. Nc2 Qxb2 14. Na4 Qxa1 15.
Nxa1 Nxe4 16. Bf3 Nc3 17. Nxc3 Bxc3 18. Nb3 Be6 19. Bd5 Bf5 20. Nd4 Bd7 21. Qd3
Bxd4 22. Bxd4 Nxd4 23. Qxd4 Bc6 24. f5 Bxd5 25. Qxd5 b6 26. fxg6 hxg6 27. Rxf7
1-0

[Event "Liverpool Open"]
[Site "?"]
[Date "2007.09.03"]
[Round "1.20"]
[White "Yeo, Michael J"]
[Black "Ravi, Lanka"]
[Result "0-1"]
[WhiteElo "2153"]
[BlackElo "2404"]
[PlyCount "82"]
[EventDate "2007.09.05"]
[SourceDate "2007.09.05"]

1. e4 c6 2. d4 d5 3. e5 Qb6 4. Nc3 Bf5 5. Bd3 Bxd3 6. Qxd3 e6 7. Nge2 c5 8. O-O
Nc6 9. dxc5 Qxc5 10. Be3 Qa5 11. f4 Nh6 12. Kh1 Nf5 13. Bf2 h5 14. Qb5 Qc7 15.
Rad1 Bb4 16. Nd4 a6 17. Qa4 Nfxd4 18. Bxd4 Qa5 19. Qxa5 Nxa5 20. f5 Rc8 21.
fxe6 fxe6 22. Ne2 Rxc2 23. Nf4 Rh6 24. a3 Be7 25. Be3 Nc4 26. Nxd5 exd5 27.
Bxh6 gxh6 28. Rfe1 Bg5 29. Rxd5 Ne3 30. Rd4 Nxg2 31. Ree4 h4 32. Rc4 Rxb2 33.
e6 h3 34. Rc8+ Ke7 35. Rc7+ Kf8 36. Kg1 Ne3 37. Rb4 Rg2+ 38. Kh1 Re2 39. Kg1 b5
40. Re4 Rg2+ 41. Kh1 Ng4 0-1

[Event "Liverpool Open"]
[Site "?"]
[Date "2007.09.03"]
[Round "1.21"]
[White "Owen, Dennis"]
[Black "Ali, Golam"]
[Result "1-0"]
[WhiteElo "1784"]
[BlackElo "1816"]
[PlyCount "77"]
[EventDate "2007.09.05"]
[SourceDate "2007.09.05"]

1. e4 c5 2. Nf3 Nc6 3. Nc3 d6 4. d4 cxd4 5. Nxd4 a6 6. Be3 e6 7. Qd2 Qc7 8. Be2
Nf6 9. O-O Be7 10. Rad1 O-O 11. Kh1 b5 12. Nxc6 Qxc6 13. a3 Bb7 14. f3 Rac8 15.
Rc1 Rfd8 16. Rfd1 d5 17. exd5 Nxd5 18. Nxd5 Rxd5 19. Bd3 Qc7 20. Qf2 Rh5 21. f4
Bh4 22. Qe2 Qc6 23. Rd2 g6 24. Kg1 Bf6 25. c3 Rd8 26. Rcd1 e5 27. Qf1 Kg7 28.
Be2 Rxd2 29. Rxd2 Qe4 30. Rd3 Rh3 31. Bf3 Rxf3 32. gxf3 Qf5 33. fxe5 Bh4 34.
Qd1 Kg8 35. Bh6 Qc8 36. b4 Qc7 37. Rd7 Qb6+ 38. Qd4 Qxd4+ 39. Rxd4 1-0

[Event "Liverpool Open"]
[Site "?"]
[Date "2007.09.03"]
[Round "1.22"]
[White "Williamson, Roger"]
[Black "McBride, John"]
[Result "1-0"]
[WhiteElo "2129"]
[BlackElo "1776"]
[PlyCount "73"]
[EventDate "2007.09.05"]
[SourceDate "2007.09.05"]

1. e4 e6 2. d4 d5 3. Nc3 Bb4 4. e5 c5 5. a3 Bxc3+ 6. bxc3 Qc7 7. Nf3 Ne7 8. Bd3
b6 9. dxc5 bxc5 10. O-O Nbc6 11. Re1 Ng6 12. a4 O-O 13. Qe2 Nce7 14. Qe3 c4 15.
Bxg6 Nxg6 16. Ba3 Re8 17. h4 Qd8 18. h5 Nh4 19. Nd4 Nf5 20. Nxf5 exf5 21. Bd6
h6 22. g3 Qg5 23. Qxg5 hxg5 24. f4 g4 25. Red1 Be6 26. Rab1 Red8 27. a5 a6 28.
Kf2 Kh7 29. Ke3 Kh6 30. Rh1 Rdc8 31. Kd4 Kh7 32. Rb7 Kh6 33. Be7 Kh7 34. Bg5
Kg8 35. h6 gxh6 36. Rxh6 Kg7 37. Rxe6 1-0

[Event "Liverpool Open"]
[Site "?"]
[Date "2007.09.03"]
[Round "1.23"]
[White "MacDonald, Paul"]
[Black "Armstrong, Malcolm"]
[Result "1/2-1/2"]
[WhiteElo "1768"]
[BlackElo "2126"]
[PlyCount "102"]
[EventDate "2007.09.05"]
[SourceDate "2007.09.05"]

1. d4 Nf6 2. c4 e6 3. Nc3 d5 4. cxd5 exd5 5. Bg5 c6 6. Qc2 Nbd7 7. e3 Be7 8.
Bd3 O-O 9. Nge2 Re8 10. O-O Nf8 11. Rab1 a5 12. a3 Ne4 13. Bxe7 Qxe7 14. Bxe4
dxe4 15. Ng3 f5 16. f3 exf3 17. Rxf3 g6 18. e4 Ne6 19. Rd1 Ng5 20. Rf4 Nxe4 21.
Ncxe4 fxe4 22. Nxe4 Bf5 23. Qb3+ Kg7 24. Ng3 Be6 25. Qe3 Bd5 26. Qxe7+ Rxe7 27.
Rd2 Rf8 28. Rxf8 Kxf8 29. Rf2+ Ke8 30. Re2 Kd7 31. Rxe7+ Kxe7 32. Kf2 Ke6 33.
Ne2 Kf5 34. Nc3 Bc4 35. Ke3 b5 36. b4 a4 37. Kf3 h5 38. h4 Bb3 39. g3 Bc4 40.
Ke3 Kg4 41. Kf2 Kf5 42. Ke3 Bd5 43. Nd1 Kg4 44. Kf2 Kf5 45. Ke3 Bb3 46. Nc3 Kg4
47. Kf2 Kf5 48. Kf3 Bc4 49. Nd1 Bd5+ 50. Ke3 Kg4 51. Kf2 Kf5 1/2-1/2

[Event "Liverpool Open"]
[Site "?"]
[Date "2007.09.03"]
[Round "1.24"]
[White "Minnican, Alan William"]
[Black "Frith, Robert"]
[Result "1-0"]
[WhiteElo "2110"]
[BlackElo "1696"]
[PlyCount "53"]
[EventDate "2007.09.05"]
[SourceDate "2007.09.05"]

1. Nc3 f5 2. e4 fxe4 3. d3 Nf6 4. dxe4 Nc6 5. Nf3 d6 6. h3 e6 7. Bb5 Bd7 8. O-O
Be7 9. Re1 O-O 10. e5 dxe5 11. Bxc6 Bxc6 12. Nxe5 Qxd1 13. Rxd1 Bd5 14. Re1 Bb4
15. Bd2 Rad8 16. a3 Bxc3 17. Bxc3 Ne4 18. Bd4 c5 19. Be3 b6 20. f3 Nd6 21. Bf2
Rf5 22. Rad1 Kf8 23. b3 Ba8 24. g4 Rxf3 25. Nxf3 Bxf3 26. Rd3 Bd5 27. c4 1-0

[Event "Liverpool Open"]
[Site "?"]
[Date "2007.09.03"]
[Round "1.25"]
[White "Potter, Steven"]
[Black "Almond, Richard"]
[Result "1/2-1/2"]
[WhiteElo "1648"]
[BlackElo "2101"]
[PlyCount "89"]
[EventDate "2007.09.05"]
[SourceDate "2007.09.05"]

1. d4 d5 2. Bg5 Nf6 3. Bxf6 exf6 4. e3 Bd6 5. c4 dxc4 6. Bxc4 O-O 7. Nf3 c6 8.
Nbd2 Nd7 9. O-O Nb6 10. Bd3 Be6 11. Nh4 g6 12. f4 f5 13. Nhf3 Qe7 14. Re1 Rfe8
15. a3 Rad8 16. Rc1 Qf8 17. Ng5 Bd5 18. Nc4 Bc7 19. Nxb6 Bxb6 20. Kh1 f6 21.
Nf3 Qf7 22. Qc2 Bc7 23. Qa4 Bb8 24. Bc4 Re7 25. Qa5 Rdd7 26. Bxd5 Rxd5 27. Qd2
Qe8 28. b4 Kg7 29. Kg1 Bc7 30. Kf2 a5 31. Rc5 Red7 32. Rec1 axb4 33. Rxd5 Rxd5
34. Qxb4 Rb5 35. Qc4 Qe4 36. Qc2 Qe6 37. a4 Rb3 38. Re1 Ra3 39. Re2 Bd6 40. Nd2
Bb4 41. Nb1 Rb3 42. Nd2 Bxd2 43. Qxd2 Qc4 44. Qa5 Qf7 45. Qc5 1/2-1/2

[Event "Liverpool Open"]
[Site "?"]
[Date "2007.09.03"]
[Round "1.26"]
[White "Peacock, Malcolm"]
[Black "Blades, Tony"]
[Result "1-0"]
[WhiteElo "2094"]
[BlackElo "1640"]
[PlyCount "63"]
[EventDate "2007.09.05"]
[SourceDate "2007.09.05"]

1. c4 Nf6 2. g3 g6 3. Bg2 Bg7 4. Nc3 d6 5. e4 O-O 6. Nge2 c6 7. O-O Na6 8. d3
Rb8 9. Be3 b6 10. h3 e5 11. f4 Ne8 12. f5 Bb7 13. Qd2 Nac7 14. d4 c5 15. dxc5
dxc5 16. Qc2 Qe7 17. Rad1 Nd6 18. b3 gxf5 19. exf5 Bxg2 20. Kxg2 Rbd8 21. Kh2
Kh8 22. Ne4 Nxe4 23. Qxe4 Rd7 24. Rxd7 Qxd7 25. f6 Qe6 26. fxg7+ Kxg7 27. Rf5
f6 28. g4 Ne8 29. Bh6+ Kg8 30. Bxf8 Kxf8 31. Ng3 Nc7 32. g5 1-0

[Event "Liverpool Open"]
[Site "?"]
[Date "2007.09.03"]
[Round "1.27"]
[White "Wood, Michael"]
[Black "Goodger, Martyn"]
[Result "0-1"]
[WhiteElo "1616"]
[BlackElo "2093"]
[PlyCount "106"]
[EventDate "2007.09.05"]
[SourceDate "2007.09.05"]

1. e4 e5 2. Nf3 d6 3. Bc4 Be7 4. d4 exd4 5. Nxd4 Nf6 6. Nc3 O-O 7. O-O c6 8.
Re1 b5 9. Bf1 b4 10. Nb1 c5 11. Nf5 Bxf5 12. exf5 d5 13. Bg5 Nc6 14. c4 dxc4
15. Bxc4 Qxd1 16. Rxd1 Nd4 17. Nd2 Nxf5 18. Re1 Bd6 19. Bxf6 gxf6 20. Nf3 Rfd8
21. Rad1 Bf8 22. b3 Nd6 23. Bf1 a5 24. Rd5 Rdc8 25. Red1 Ne4 26. Rd7 Nc3 27.
R1d2 Re8 28. Bc4 Re7 29. Rxe7 Bxe7 30. Rd7 Kf8 31. Nh4 Rd8 32. Rxd8+ Bxd8 33.
Nf5 Nxa2 34. Nd6 Nc3 35. Nxf7 Bc7 36. Nh6 a4 37. bxa4 Nxa4 38. Ng4 Nb2 39. Nxf6
Nxc4 40. Nd7+ Ke7 41. Nxc5 Kd6 42. Nb3 Na5 43. Nc1 b3 44. Nxb3 Nxb3 45. h4 Ke6
46. g4 Bd8 47. h5 Bg5 48. Kg2 Ke5 49. Kg3 Nd4 50. h6 Bxh6 51. Kh4 Kf4 52. Kh5
Bg5 53. f3 h6 0-1

[Event "Liverpool Open"]
[Site "?"]
[Date "2007.09.03"]
[Round "1.28"]
[White "Taylor, Edward"]
[Black "Chard, Marcus"]
[Result "1-0"]
[WhiteElo "2072"]
[BlackElo "1608"]
[PlyCount "67"]
[EventDate "2007.09.05"]
[SourceDate "2007.09.05"]

1. d4 d5 2. Bg5 Nf6 3. Bxf6 exf6 4. e3 Bd6 5. g3 O-O 6. Bg2 c6 7. Nd2 Re8 8.
Ne2 Bg4 9. O-O f5 10. Re1 Qg5 11. Nf3 Qh5 12. Nf4 Bxf4 13. exf4 Nd7 14. Qd3
Bxf3 15. Bxf3 Qg6 16. b3 Nf8 17. Bg2 Ne6 18. c4 dxc4 19. bxc4 Red8 20. d5 c5
21. Rab1 b6 22. Qe2 Nd4 23. Qe7 Qh5 24. d6 Nf3+ 25. Bxf3 Qxf3 26. d7 Qc6 27.
Rbd1 g6 28. Rd6 Qa4 29. h4 Qxc4 30. Qxd8+ Rxd8 31. Re8+ Kg7 32. Rxd8 Qc1+ 33.
Kg2 Qe1 34. Re8 1-0